Music Quiz

Random Music or Artist Quiz

Recording Artist by Debut Album VI Quiz Stats

 Plays Quiz Updated Dec 29, 2020

Support Sporcle.
Go Orange.
Score 0/12 Timer 02:00
3 Plays Today
% Correct
Stevie Wonder
97.5%
Cher
96.2%
Tina Turner
95.5%
David Bowie
95.5%
Bob Dylan
94%
Olivia Newton-John
90.5%
James Taylor
78.9%
Def Leppard
75.8%
Linda Ronstadt
71.6%
Dire Straits
62.8%
Chicago
60%
Genesis
57.2%

You're not logged in!

Compare scores with friends on all Sporcle quizzes.
OR
Log In

From the Vault

Word Cloud Click: Sports

by C22zm

What kind of storm is produced by a sports word cloud?
Remove Ads.
Support Sporcle.
Get the best of Sporcle when you Go Orange. This ad-free experience offers more features, more stats, and more fun while also helping to support Sporcle. Thank you for becoming a member.

Show Comments

Extras

Top Quizzes Today


Score Distribution

Your Account Isn't Verified!

In order to create a playlist on Sporcle, you need to verify the email address you used during registration. Go to your Sporcle Settings to finish the process.

Report this User

Report this user for behavior that violates our Community Guidelines.

Details: